Predpovedanie spotreby elektrickej energie metódami húfovej inteligencie
Enregistré dans:
| Auteur principal: | |
|---|---|
| Autres auteurs: | |
| Format: | Manuscrit Livre |
| Langue: | slovaque |
| Publié: |
2016
|
| Sujets: | |
| Accès en ligne: | http://is.stuba.sk/zp/portal_zp.pl?podrobnosti=97359 |
| Tags: |
Pas de tags, Soyez le premier à ajouter un tag!
|
MARC
| LEADER | 00000ntm a22000003a 4500 | ||
|---|---|---|---|
| 001 | stuzp59214 | ||
| 003 | SK-STU | ||
| 005 | 20160719155809.5 | ||
| 007 | ta | ||
| 008 | 150427s2015----xo-----f-mn---000-0-slo-d | ||
| 040 | |a STU |b slo | ||
| 041 | 0 | |a slo | |
| 100 | 1 | |a Urminský, Milan |u 070200 |4 aut |U FIIT Fakulta informatiky a informačných technológií |T FIIT Ústav informatiky, informačných systémov a softvérového inžinierstva |X 53150 |U I200 |Y 179 |7 53150 | |
| 242 | 0 | 1 | |a Prediction of electricity consumption using methods of swarm intelligence |y eng |
| 245 | 1 | 0 | |a Predpovedanie spotreby elektrickej energie metódami húfovej inteligencie |
| 260 | |c 2016 | ||
| 650 | 4 | |a Predpoveď |2 slo | |
| 650 | 4 | |a húf |2 slo | |
| 650 | 4 | |a energia |2 slo | |
| 650 | 4 | |a PSO |2 slo | |
| 650 | 4 | |a ABC |2 slo | |
| 650 | 4 | |a ACO |2 slo | |
| 650 | 4 | |a spotreba |2 slo | |
| 650 | 4 | |a Prediction |2 eng | |
| 650 | 4 | |a energy |2 eng | |
| 650 | 4 | |a consumption |2 eng | |
| 650 | 4 | |a swarm |2 eng | |
| 650 | 4 | |a PSO |2 eng | |
| 650 | 4 | |a ABC |2 eng | |
| 650 | 4 | |a ACO |2 eng | |
| 700 | 1 | |a Lucká, Mária |u 070200 |k Z1 |4 ths |U FIIT Fakulta informatiky a informačných technológií |T FIIT Ústav informatiky, informačných systémov a softvérového inžinierstva |X 9204 |U I200 |Y 179 |7 9204 | |
| 856 | 4 | |u http://is.stuba.sk/zp/portal_zp.pl?podrobnosti=97359 | |
| 996 | |b 8086 |c I* BAP 67/2016 |l II680 |s P |a 0 |w stuzp59214_0001 | ||
| SQL | |a stuzp59214 |b DBP |c SLO |d Predpovedanie spotreby elektrickej energie metódami húfovej inteligencie |e 53150 |f Urminský, Milan |g 070200 |h 9204 |i Lucká, Mária |j 20160620 |k 202 |l 07 |m http://is.stuba.sk/zp/portal_zp.pl?podrobnosti=97359 |n B-INFO |o 9.2.1. informatika | ||